000
00334nam a2200133Ia 4500
008
190723s9999 xx 000 0 und d
020
_a
978-1-78017-180-7
100
_a
Frank Bott
245
0
_a
Professional Issues in Information Technology
250
_a
2rd
260
_a
UK
_b
BCS Chartered
_c
2014
300
_a
189:p
942
_c
BK
999
_c
1500
_d
1500